00364 2200145 4500001002100000005001500021035002000036245005600056100001600112300001200128260003200140082000800172084001400180990002400194INLIS00000000000224320250527021249 a0010-05250005351 aBig Bang Spirit Mendongkrak Motivasi /cSutan Surya0 aSutan Surya a190 hlm bPustaka Insan Madani,c2008 a300 a300 SUT b a0713163 s/d 0713164